000 00342nam a22001457a 4500
008 210518b ||||| |||| 00| 0 eng d
020 _a9780803922624
041 _aeng
080 _a070
082 _a070
100 _a40
101 _aMED
245 _aMethods for Intercultural Communication Research
_cGudykunst,W.B
942 _2udc
_cBK
999 _c57410
_d57410